| 000 -ლიდერი |
| ფიქსირებული სიგრძის საკონტროლო ველი |
01496nam a22002057a 4500 |
| 003 - საკონტროლო ნომრის იდენტიფიკატორი |
| საკონტროლო ველი |
Ge_BSU |
| 005 - ბოლო ოპერაციის თარიღი და დრო |
| საკონტროლო ველი |
20221117153739.0 |
| 008 - ფიქსირებული სიგრძის მონაცემთა ელემენტები - ზოგადი ინფორმაცია |
| ფიქსირებული სიგრძის საკონტროლო ველი |
221117s2004 ge ||||| |||| 00| 0 geo d |
| 041 ## - ენის კოდი |
| Language code of text/sound track or separate title |
geo |
| 080 ## - უნივერსალური ათობითი კლასიფიკაციის ინდექსი |
| Universal Decimal Classification number |
347.83 + 341.176.2(4)(088.4) ე-35 |
| 245 ## - ცნობა სათაურის შესახებ |
| Title |
ევროპული კონვენცია ტრანსსასაზღვრო ტელევიზიის შესახებ ; ევროპული კონვენცია მომსახურების სამართლებრივი დაცვის შესახებ, რომელიც ემყარება ან მოიცავს პირობით ხელმისაწვდომობას / |
| Statement of responsibility, etc |
ტექსტის თარგმანი და რედაქტირება: ლაშა ჭელიძე [და სხვ.]. |
| 264 ## - წარმოების, გამოცემის, დისტრიბუციის და სხვა ცნობები |
| გამოცემის, წარმოების, დისტრიბუციის... ადგილი |
თბილისი : |
| გამოცემის, წარმოების, დისტრიბუციის... სახელწოდება |
რეგთაიმი |
| გამოცემის, წარმოების, დისტრიბუციის... თარიღი |
2004. |
| 300 ## - ფიზიკური აღწერა |
| Extent |
214 გვ. ; |
| Other physical details |
20 სმ. |
| 490 ## - სერიის ცნობა |
| Series statement |
სერიიდან "მედია" ; 4 |
| 653 ## - INDEX TERM--UNCONTROLLED |
| Uncontrolled term |
ევროპული კონვენცია |
| 653 ## - INDEX TERM--UNCONTROLLED |
| Uncontrolled term |
სატელევიზიო გადაცემების და რადიომაუწყებლობის შესახებ. |
| 653 ## - INDEX TERM--UNCONTROLLED |
| Uncontrolled term |
ტრანსსასაზღვრო ტელევიზია. |
| 653 ## - INDEX TERM--UNCONTROLLED |
| Uncontrolled term |
მომსახურების სამართლებრივი დაცვა. |
| 942 ## - ADDED ENTRY ELEMENTS (KOHA) |
| Source of classification or shelving scheme |
|
| Koha item type |
წიგნი |